Spectres of Capitalism: (Record no. 227638)
[ view plain ]
| 000 -LEADER | |
|---|---|
| fixed length control field | 01097nam a22002537a 4500 |
| 005 - DATE AND TIME OF LATEST TRANSACTION | |
| control field | 20230624085640.0 |
| 008 - FIXED-LENGTH DATA ELEMENTS--GENERAL INFORMATION | |
| fixed length control field | 230624b ||||| |||| 00| 0 eng d |
| 020 ## - INTERNATIONAL STANDARD BOOK NUMBER | |
| International Standard Book Number | 8186962166 |
| 040 ## - CATALOGING SOURCE | |
| Transcribing agency | AL |
| 041 ## - LANGUAGE CODE | |
| Language code of text/sound track or separate title | eng |
| 082 ## - DEWEY DECIMAL CLASSIFICATION NUMBER | |
| Edition number | 23 |
| Classification number | 330.122 |
| Item number | AMIS |
| 100 ## - MAIN ENTRY--PERSONAL NAME | |
| Personal name | Samir Amin |
| 100 ## - MAIN ENTRY--PERSONAL NAME | |
| 9 (RLIN) | 124724 |
| 245 ## - TITLE STATEMENT | |
| Title | Spectres of Capitalism: |
| Remainder of title | A critique of Current Intellectual Fashions |
| 260 ## - PUBLICATION, DISTRIBUTION, ETC. | |
| Place of publication, distribution, etc. | Ahmedabad |
| Name of publisher, distributor, etc. | Rainbow Publishers |
| Date of publication, distribution, etc. | 1999 |
| 300 ## - PHYSICAL DESCRIPTION | |
| Extent | 131p. |
| Other physical details | HB |
| Dimensions | 22x14cm. |
| 365 ## - TRADE PRICE | |
| Source of price type code | Economics |
| 520 ## - SUMMARY, ETC. | |
| Summary, etc. | Amin, one of the most influential economists today, examines the changing notion of crisis in capitalism; misconceptions of the free market model; the various distortions of Marx's method; the role of culture in revolutions; the decline of the "law of value" in economics; the philosophical roots of postmodernism; how telecommunications affect ideology; and the myth of "pure economics." |
| 650 ## - SUBJECT ADDED ENTRY--TOPICAL TERM | |
| Topical term or geographic name entry element | Capitalism |
| 9 (RLIN) | 124725 |
| 650 ## - SUBJECT ADDED ENTRY--TOPICAL TERM | |
| Topical term or geographic name entry element | Political Economy |
| 9 (RLIN) | 124726 |
| 650 ## - SUBJECT ADDED ENTRY--TOPICAL TERM | |
| Topical term or geographic name entry element | Social Revolution |
| 9 (RLIN) | 124727 |
| 650 ## - SUBJECT ADDED ENTRY--TOPICAL TERM | |
| Topical term or geographic name entry element | Communications |
| 9 (RLIN) | 124728 |
| 700 ## - ADDED ENTRY--PERSONAL NAME | |
| Personal name | AMIN (Samir) |
| 9 (RLIN) | 124729 |
| 942 ## - ADDED ENTRY ELEMENTS (KOHA) | |
| Source of classification or shelving scheme | Dewey Decimal Classification |
| Koha item type | Donated Books |
| Withdrawn status | Lost status | Source of classification or shelving scheme | Damaged status | Not for loan | Collection code | Home library | Current library | Date acquired | Total Checkouts | Full call number | Barcode | Date last seen | Cost, replacement price | Price effective from | Koha item type |
|---|---|---|---|---|---|---|---|---|---|---|---|---|---|---|---|
| Dewey Decimal Classification | Economics | St Aloysius Library | St Aloysius Library | 06/17/2023 | 330.122 AMIS | D05891 | 06/24/2023 | 150.00 | 06/24/2023 | Donated Books |